000 00484cam a22001097a 4500
008 180718b xxu||||| |||| 00| 0 eng d
082 _aT31055x54 In2
245 _aRegistrations and liquidations of joint stock companies in India
_cby Research & Statistics Division, Department of Company Affiars, India
260 _aNew Delhi
_bGovernment of India
_c
500 _aContents: Library has 1980-82,1982-83,1983-84
700 _aIndia. Department of Company Affiars.Research & Statistics Division
999 _c497928
_d497928